LDR 00835naa#a2200169#i#450# 001 RU\\bibl\117007 005 20260702162234.4 011 ## _a2658-3488 100 ## _a20260330b2026####ek#y0rusy0150####ca 102 ## _aRU 200 1# _aОПТИМИЗАЦИЯ И ЭФФЕКТИВНОСТЬ КОМПЬЮТЕРНОЙ СИСТЕМЫ С КОНТЕЙНЕРНОЙ ВИРТУАЛИЗАЦИЕЙ В УСЛОВИЯХ НЕОПРЕДЕЛЕННОСТИ _eЖурнальная статья 210 1# _aБрянск _cБрянский государственный технический университет _d2026 215 ## _a9 с. 608 ## _aЖурнальная статья _2local 675 ## _aМатематическое программирование. 519.85 _z 700 #1 _aЧудинова _gАлександра Анатольевна 856 4# _azh-szf.ru _u